LEADER 01258nam a2200313 i 4500 001 991002519729707536 008 040419s2003 flua b 001 0 eng 020 $a1584883715 035 $ab12934720-39ule_inst 040 $aDip.to Matematica$beng 082 0 $a516.362$221 084 $aAMS 53C29 084 $aLC QA649.B467 100 1 $aBerndt, Jürgen$0441036 245 10$aSubmanifolds and holonomy /$cJürgen Berndt, Sergio Console, Carlos Olmos 260 $aBoca Raton :$bChapman & Hall/CRC,$cc2003 300 $a336 p. :$bill. ;$c24 cm 440 0$aChapman & Hall/CRC research notes in mathematics series ;$v434 504 $aIncludes bibliographical references (p. 313-326) and index 650 0$aSubmanifolds 650 0$aHolonomy groups 700 1 $aConsole, Sergio$eauthor$4http://id.loc.gov/vocabulary/relators/aut$067583 700 1 $aOlmos, Carlos$eauthor$4http://id.loc.gov/vocabulary/relators/aut$0352622 907 $a.b12934720$b02-04-14$c19-04-04 912 $a991002519729707536 945 $aLE013 53C BER12 (2003)$g1$i2013000145624$lle013$op$pE95.71$q-$rl$s- $t0$u2$v0$w2$x0$y.i13524094$z11-05-04 996 $aSubmanifolds and holonomy$981928 997 $aUNISALENTO 998 $ale013$b19-04-04$cm$da $e-$feng$gflu$h0$i1 LEADER 01138nam a2200265 i 4500 001 991001544819707536 008 060324s2003 it 00 0 ita d 020 $a8824490158 035 $ab13389166-39ule_inst 040 $aISUFI - Sett. Diritti e Politiche Euromediterranee$bita 082 0 $a342.0852 245 03$aLa privacy in internet /$ca cura di Andrea Lisi ; contributi di E. Ancona...[et al.] ; introduzione di D. Diurisi, postfazione di A. Sirotti Gaudenzi 260 $aNapoli :$bEsselibri Simone,$c2003 300 $a271 p. ;$c21 cm 440 0$aDiritto & informatica ;$v41/25 650 4$aInternet$xPrivacy 650 4$aDiritto alla riservatezza 700 1 $aLisi, Andrea 907 $a.b13389166$b15-04-09$c24-03-06 912 $a991001544819707536 945 $aLE029 342.0858 LIS01.01$g1$i2029000007374$lle029$og$pE15.00$q-$rn$so $t0$u2$v0$w2$x0$y.i1432751x$z28-11-06 945 $aLE025 ECO 342 LIS01.01$g1$i2025000120471$lle025$og$pE15.00$q-$rl$s- $t0$u6$v1$w6$x0$y.i14616117$z22-11-07 996 $aPrivacy in internet$91089967 997 $aUNISALENTO 998 $ale029$ale025$b24-03-06$cm$da $e-$fita$git $h3$i0 LEADER 02816nam 22004333u 450 001 9910157371903321 005 20230803214805.0 010 $a1-909273-08-2 035 $a(CKB)3790000000017057 035 $a(EBL)2075386 035 $a(OCoLC)912237311 035 $a(Exl-AI)993790000000017057 035 $a(EXLCZ)993790000000017057 100 $a20151005d2014|||| u|| | 101 0 $aeng 135 $aur|n|---||||| 181 $ctxt$2rdacontent 182 $cc$2rdamedia 183 $acr$2rdacarrier 200 10$aInfluence 210 $cUrbane Publications Limited$d2014 215 $a1 online resource (388 p.) 300 $aDescription based upon print version of record. 311 08$a1-909273-06-6 327 $a""Acknowledgements""; ""PART ONE""; ""Different Worlds""; ""It starts before it starts""; ""Chapter 1""; ""Chapter 2""; ""Chapter 3""; ""Chapter 4""; ""Chapter 5""; ""Chapter 6""; ""Chapter 7""; ""Chapter 8""; ""Chapter 9""; ""Chapter 10""; ""Chapter 11""; ""Chapter 12""; ""Chapter 13""; ""Chapter 14""; ""Chapter 15""; ""Chapter 16""; ""Chapter 17""; ""Chapter 18""; ""PART TWO""; ""Looking""; ""Chapter 19""; ""Chapter 20""; ""Chapter 21""; ""Chapter 22""; ""Chapter 23""; ""Chapter 24""; ""Chapter 25""; ""Chapter 26""; ""Chapter 27""; ""Chapter 28""; ""Chapter 29""; ""Chapter 30"" 327 $a""Chapter 31""""Chapter 32""; ""Chapter 33""; ""Chapter 34""; ""Chapter 35""; ""Chapter 36""; ""PART THREE""; ""Listening""; ""Chapter 37""; ""Chapter 38""; ""Chapter 39""; ""Chapter 40""; ""Chapter 41""; ""Chapter 42""; ""Chapter 43""; ""Chapter 44""; ""Chapter 45""; ""Chapter 46""; ""Chapter 47""; ""Chapter 48""; ""Chapter 49""; ""Chapter 50""; ""Chapter 51""; ""Chapter 52""; ""Chapter 53""; ""Chapter 54""; ""Chapter 55""; ""It ends after it ends"" 330 $a Influence kills...Influence is the greatest force on earth. Influence equals power, the power to affect people and events. The most powerful people alive have the greatest influence. And they can use it for good or bad. Marcus Kline is the world's leading authority on communication and influence. He can tell what you are thinking. He can see inside you. He can step inside your mind. Yet when a series of murder victims bear the horrific hallmarks of an intelligent and remorseless serial killer, Detective Inspector Peter Jones turns to Marcus for help - and everything changes. As the killer set 606 $aInfluence (Psychology)$7Generated by AI 606 $aSerial murder investigation$7Generated by AI 615 0$aInfluence (Psychology) 615 0$aSerial murder investigation 700 $aParker$b Chris$0606568 801 0$bAU-PeEL 801 1$bAU-PeEL 801 2$bAU-PeEL 906 $aBOOK 912 $a9910157371903321 996 $aInfluence$93407207 997 $aUNINA